[Event "Slough v Wessex"]
[Site "?"]
[Date "2002.06.02"]
[Round "2"]
[White "Crichton, Martin"]
[Black "Hopkins, Jamie"]
[Result "0-1"]
[WhiteElo "2041"]
[BlackElo "2000"]
[PlyCount "74"]
[EventDate "2002.??.??"]

1. e4 c5 2. Nf3 Nc6 3. Bb5 g6 4. O-O Bg7 5. Re1 Nf6 6. c3 O-O 7. d4 cxd4 8.
cxd4 d5 9. exd5 Nxd5 10. Bxc6 bxc6 11. Ne5 Qc7 12. Nc3 Rd8 13. Qf3 Be6 14. a3
c5 15. Nxd5 Bxd5 16. Qg3 f6 17. Nd3 Qxg3 18. hxg3 cxd4 19. Rxe7 Bc4 20. Nc5 Bf8
21. Rc7 Bd6 22. Rc6 Bd5 23. Rxd6 Rxd6 24. Bf4 Rc6 25. b4 g5 26. Bc1 Rb8 27. Bd2
Re8 28. Rd1 Re2 29. Bc1 Rc2 30. Re1 Bc4 31. f4 h6 32. Rd1 Be2 33. Re1 d3 34.
Nb3 Rxc1 35. Nxc1 d2 36. Nd3 Bxd3 37. Re8+ Kf7 0-1

[Event "Slough v Wessex"]
[Site "?"]
[Date "2002.06.02"]
[Round "2"]
[White "Pleasants, Allan J"]
[Black "Ball, Yasmin"]
[Result "0-1"]
[WhiteElo "1944"]
[BlackElo "1384"]
[PlyCount "66"]
[EventDate "2002.??.??"]

1. Nf3 d5 2. d4 Nf6 3. e3 e6 4. Bd3 Nbd7 5. Nbd2 Bd6 6. c4 c5 7. O-O O-O 8. Qe2
Qc7 9. Re1 b6 10. e4 dxe4 11. Nxe4 cxd4 12. Nxd4 Bxh2+ 13. Kh1 Be5 14. Nxf6+
Bxf6 15. Qe4 g6 16. Bh6 Bb7 17. Qg4 Rfd8 18. Rad1 Qc5 19. Nxe6 Ne5 20. Nxc5
Nxg4 21. Nxb7 Rxd3 22. Rxd3 Nxf2+ 23. Kg1 Nxd3 24. Rd1 Nxb2 25. Rd7 Nxc4 26.
Rc7 Ne5 27. Bf4 Nd3 28. Be3 Nb4 29. Rd7 Nxa2 30. Nd6 Rd8 31. Rxa7 Rxd6 32. Rxa2
Bd4 33. Ra8+ Kg7 0-1

[Event "Slough v Wessex"]
[Site "?"]
[Date "2002.06.02"]
[Round "2"]
[White "Purton, Ben"]
[Black "Clark, Ian C"]
[Result "0-1"]
[WhiteElo "2085"]
[BlackElo "2110"]
[PlyCount "138"]
[EventDate "2002.??.??"]

{15296kB, f5book.ctg} 1. e4 c5 2. Nc3 Nc6 3. g3 g6 4. Bg2 Bg7 5. f4 e6 6. d3
Nge7 7. Be3 b6 8. Nf3 d5 9. Bf2 dxe4 10. dxe4 Ba6 11. e5 Qc7 12. Ne4 O-O 13. c3
Rad8 14. Qa4 Bd3 15. Nd6 Nc8 16. Nxc8 Qxc8 17. Nd2 Na5 18. Be4 Ba6 19. Qc2 Rd7
20. b3 Rfd8 21. Be3 Bd3 22. Bxd3 Rxd3 23. Ke2 Qb7 24. Rhg1 f6 25. exf6 Bxf6 26.
Qxd3 Rxd3 27. Kxd3 Qd5+ 28. Ke2 Bxc3 29. Rad1 Nc6 30. Nf3 Qe4 31. Ng5 Qc2+ 32.
Kf3 Nd4+ 33. Bxd4 Bxd4 34. Rge1 e5 35. h4 h6 36. Ne4 Qxa2 37. fxe5 Qxb3+ 38.
Kf4 Qe6 39. Nf6+ Kg7 40. g4 h5 41. g5 Qf5+ 42. Kg3 Bf2+ 43. Kg2 Bxh4 44. Ne8+
Kh8 45. Rf1 Qe4+ 46. Kg1 Qe3+ 47. Kh1 Bf2 48. Rd3 Qe4+ 49. Kh2 Qxe5+ 50. Kg2
Qe4+ 51. Rf3 Bh4 52. Nd6 Qd5 53. Nf7+ Kh7 54. Kh2 Bxg5 55. Nxg5+ Qxg5 56. Rf7+
Kh6 57. Rf8 Qh4+ 58. Kg2 Qe4+ 59. Kh2 Qe5+ 60. Kg2 c4 61. R8f2 b5 62. Kf3 b4
63. Re2 Qf5+ 64. Kg2 Qg4+ 65. Kf2 c3 66. Rg1 Qf5+ 67. Kg2 b3 68. Rf2 Qe4+ 69.
Kh2 b2 0-1

[Event "Slough v Wessex"]
[Site "?"]
[Date "2002.06.02"]
[Round "2"]
[White "Tunks, Dominic"]
[Black "Armstrong, Malcolm J"]
[Result "0-1"]
[WhiteElo "2096"]
[BlackElo "2132"]
[PlyCount "96"]
[EventDate "2002.??.??"]

1. e4 c6 2. d4 d5 3. Nd2 dxe4 4. Nxe4 Bf5 5. Ng3 Bg6 6. Nf3 Nd7 7. Nh4 e5 8.
Nxg6 hxg6 9. Be3 Ngf6 10. Bc4 Nb6 11. Bb3 exd4 12. Qxd4 Qxd4 13. Bxd4 c5 14.
Bxf6 gxf6 15. c3 c4 16. Bd1 O-O-O 17. Bf3 f5 18. O-O Rd2 19. Rfe1 Bc5 20. Re2
Rhd8 21. Nf1 Rxe2 22. Bxe2 Re8 23. Bf3 Na4 24. Rb1 Bb6 25. Nd2 g5 26. Nxc4 Bc5
27. Kf1 Rh8 28. b3 Nb6 29. Na5 Rxh2 30. Kg1 Rh6 31. Bxb7+ Kc7 32. Re1 g4 33. b4
Bd6 34. Bc6 f4 35. Be8 f5 36. f3 Nd5 37. Nc6 Nxc3 38. Nxa7 Bxb4 39. Re5 Ra6 40.
Nb5+ Kd8 41. a3 g3 42. Re1 Bc5+ 43. Kf1 Nxb5 44. Bxb5 Rxa3 45. Rd1+ Ke7 46. Ke2
Be3 47. Rd7+ Ke6 48. Kd1 Ra1+ 0-1

[Event "White Rose v Poisoned Pawns"]
[Site "?"]
[Date "2002.06.02"]
[Round "2"]
[White "Edwards, Raymond B"]
[Black "Shaw, Peter"]
[Result "0-1"]
[WhiteElo "2076"]
[BlackElo "1960"]
[PlyCount "108"]
[EventDate "2002.??.??"]

1. d4 e6 2. c4 b6 3. Nc3 Bb7 4. a3 f5 5. Nf3 Nf6 6. g3 Be7 7. Bg2 O-O 8. O-O
Qe8 9. d5 a5 10. Bf4 Na6 11. Nd4 Bc5 12. Ndb5 e5 13. Bc1 c6 14. dxc6 Bxc6 15.
Nd5 Nxd5 16. Bxd5+ Kh8 17. Bd2 Qh5 18. e3 Qh3 19. Qf3 e4 20. Qg2 Qh5 21. Bc3
Bxd5 22. cxd5 a4 23. Rad1 Rac8 24. d6 Rc6 25. Rd5 Qe2 26. Qh3 Qxb5 27. Qh6 Rf7
28. Rxf5 Kg8 29. Qg5 Rc8 30. Rxf7 Kxf7 31. Qxg7+ Ke6 32. Qf6+ Kd5 33. Qe5+ Kc4
34. Rc1 Qc6 35. Bd2+ Kb5 36. b4 axb3 37. Qb2 Qd5 38. Rc3 Kc6 39. Rxb3 Kb7 40.
a4 Qxd6 41. a5 Ka7 42. Bc3 Rb8 43. Be5 Qd1+ 44. Kg2 Rb7 45. Qc3 bxa5 46. Rxb7+
Kxb7 47. Qxa5 Qb3 48. Qd2 Qe6 49. Bf4 Nb4 50. Qb2 Kc6 51. Qg7 Nd3 52. Qxh7
Nxf4+ 53. gxf4 Qg4+ 54. Kf1 Qf3 0-1

[Event "White Rose v Poisoned Pawns"]
[Site "?"]
[Date "2002.06.02"]
[Round "2"]
[White "Keeling, Geoff"]
[Black "Goodger, Martyn"]
[Result "0-1"]
[WhiteElo "2043"]
[BlackElo "2143"]
[PlyCount "64"]
[EventDate "2002.??.??"]

1. e4 e5 2. Nf3 Nf6 3. d4 Nxe4 4. dxe5 d5 5. Nbd2 Bf5 6. Nb3 Be7 7. Bd3 O-O 8.
Be3 Nc6 9. c3 f6 10. Nfd4 Nxd4 11. Nxd4 Bc8 12. exf6 Bxf6 13. Qb3 Nc5 14. Qc2
Nxd3+ 15. Qxd3 c5 16. Nf3 Bf5 17. Qd2 Qd6 18. O-O Rad8 19. Bf4 Qa6 20. Be5 Bg4
21. Bxf6 Qxf6 22. Ne1 d4 23. c4 d3 24. f3 Qd4+ 25. Rf2 Be6 26. Rd1 Bxc4 27. b3
Bb5 28. Qa5 Ba6 29. a3 Rfe8 30. Qd2 Re2 31. Qxe2 dxe2 32. Rxd4 Rxd4 0-1

[Event "White Rose v Poisoned Pawns"]
[Site "?"]
[Date "2002.06.02"]
[Round "2"]
[White "Lewyk, Ihor"]
[Black "Winfridson, Ola"]
[Result "0-1"]
[WhiteElo "1912"]
[BlackElo "2032"]
[PlyCount "118"]
[EventDate "2002.??.??"]

1. e4 c6 2. d4 d5 3. Nc3 dxe4 4. Nxe4 Bf5 5. Ng3 Bg6 6. Bc4 e6 7. N1e2 Nf6 8.
O-O Nbd7 9. Nf4 Nd5 10. Re1 N7b6 11. Bb3 Bd6 12. Nfe2 c5 13. dxc5 Bxc5 14. Nf4
Nxf4 15. Qxd8+ Rxd8 16. Bxf4 O-O 17. Rad1 Nd5 18. Bg5 Nf6 19. h4 Rxd1 20. Rxd1
Ne4 21. Nxe4 Bxe4 22. Kf1 h6 23. Bf4 Be7 24. g3 Bf6 25. c3 Rc8 26. Ke2 Bc6 27.
Be3 Bb5+ 28. Ke1 a6 29. Bd4 Bxd4 30. Rxd4 Kf8 31. f4 Ke7 32. Kf2 Rc5 33. Ke3
Bc6 34. Bc2 e5 35. fxe5 Rxe5+ 36. Kf2 Re6 37. Rf4 g5 38. hxg5 hxg5 39. Rf5 f6
40. Bb3 Rd6 41. Ke3 Bb5 42. c4 Re6+ 43. Kd2 Bc6 44. Rf2 Re4 45. Re2 Rxe2+ 46.
Kxe2 Ke6 47. Ke3 Ke5 48. Bd1 f5 49. b4 f4+ 50. gxf4+ gxf4+ 51. Kd3 Be4+ 52. Kc3
f3 53. a4 f2 54. Be2 Bg2 55. a5 f1=Q 56. Bxf1 Bxf1 57. b5 axb5 58. a6 bxa6 59.
cxb5 axb5 0-1

[Event "White Rose v Poisoned Pawns"]
[Site "?"]
[Date "2002.06.02"]
[Round "2"]
[White "Retallick, Lloyd"]
[Black "Hardy, Otto H"]
[Result "0-1"]
[WhiteElo "1992"]
[BlackElo "1800"]
[PlyCount "124"]
[EventDate "2002.??.??"]

1. d4 e6 2. c4 b6 3. Nc3 Bb4 4. Qc2 Bb7 5. Nf3 f5 6. e3 Nf6 7. Bd3 Ne4 8. O-O
Bxc3 9. bxc3 O-O 10. Nd2 Nxd2 11. Bxd2 Qh4 12. f3 Nc6 13. Rab1 Rf6 14. e4 f4
15. c5 Rh6 16. h3 e5 17. Be1 Qg5 18. Kh2 exd4 19. cxb6 cxb6 20. Rb5 Qe7 21. Rf5
Rf8 22. Rxf8+ Qxf8 23. cxd4 Nxd4 24. Qc7 Qc8 25. Qxf4 Rf6 26. Qd2 Ba6 27. Bh4
Bxd3 28. Qxd3 Rh6 29. Qxd4 Rxh4 30. Qd5+ Kf8 31. Qf5+ Kg8 32. Qd5+ Kf8 33. Rd1
Qc7+ 34. Kg1 Rh6 35. Qxd7 Rc6 36. Qxc7 Rxc7 37. Rd2 g5 38. Kf2 Ke7 39. Kg3 h5
40. h4 Kf6 41. hxg5+ Kxg5 42. f4+ Kh6 43. Rd6+ Kg7 44. Kh4 Rc2 45. g3 Rxa2 46.
Kxh5 b5 47. e5 b4 48. Rd7+ Kf8 49. Kg6 Ra6+ 50. Kf5 b3 51. Rd1 Rb6 52. Ke4 b2
53. Rb1 a5 54. Kd3 a4 55. Kc2 a3 56. f5 a2 57. Rxb2 Rc6+ 58. Kd3 a1=Q 59. Rb8+
Ke7 60. Rb7+ Kd8 61. e6 Rd6+ 62. Ke3 Qd4+ 0-1